000 00184 a2200097 4500
041 _aeng
100 _aMercier, Pascal
245 _aNight train to lisbon
942 _cBK
952 _71
999 _c18427
_d18427